Кои сте вие? (Запис номер 131281)
[ съкратено ]
| 000 -Лидер | |
|---|---|
| Контролно поле с фиксирана дължина | 01936nam a2200349 c 4500 |
| 003 - Код на организацията, давaща контролен номер | |
| Контролно поле | BLK |
| 005 - Дата и час на последна редакция | |
| Контролно поле | 20221019130309.0 |
| 008 - Елементи от данни с фиксирана дължина | |
| fixed length control field | 180409b bul|||||r ||||||| ||bul|| |
| 010 ## - Наследен системен номер | |
| LC control number | KNG00137092000 |
| 040 ## - Източник на каталожния запис | |
| Идентификатор на билиотеката - собственик на записа | BLK |
| 041 ## - Код за език | |
| Код за езика на текст/звукозапис или на отделно заглавие | Български |
| Код за езика КДБФ | Български |
| 080 ## - УДК | |
| Текстов определител УДК | Разпространяване на научните знания - популяризиране на науката, занимателна наука, учение за явленията научно необяснени, заблуждения и фалшификации, илюзии и др. п., секретност на научните знания |
| УДК код - определител по УДК | 001.9 |
| УДК - код + определител | 001.9 |
| 100 1# - Редна дума - Автор | |
| Автор | Петрович, Николай Тимофеевич |
| Авторска отговорност | първи автор |
| R(LIN) | 322655 |
| 139 ## - Редно поле | |
| Редна дума | Петрович, Николай Тимофеевич |
| Авторски знак | Петро - П 47 |
| 245 10 - Сведения за заглавието | |
| Заглавие | Кои сте вие? |
| Подзаглавни данни | Науч.-попул. очерк |
| Редно поле (дума) | Николай Тимофеевич Петрович; прев. от рус. Русалина Попова. |
| 257 ## - Страна на издаване | |
| Страна на създаване/издаване | СССР |
| 260 ## - Област на издателските данни | |
| Име на издателя, разпространителя и проч. | Нар. младеж |
| Година на издаване | 1976 |
| 300 ## - Физическа характеристика | |
| Страници | 252 с. |
| Илюстрации и др. | с ил. |
| Размери/Мащаб | 20 см |
| 380 ## - Жанр | |
| Жанр | Общ отдел |
| 490 ## - СЕРИИ (Колекции) | |
| Име на серия | Библиотека Еврика |
| 9 (RLIN) | 202945 |
| 500 ## - Общи забележки | |
| Забележка | Ориг. загл. Кто Вы? - 10 137 тир. - За възможностите от съществуване на цивилизиции на другите планети и възникването на живот на Земята. |
| 650 #4 - Допълнително описание по предмет – тема | |
| Основно описание – тема или топоним | Извънземни цивилизации |
| 9 (RLIN) | 242018 |
| 650 #4 - Допълнително описание по предмет – тема | |
| Основно описание – тема или топоним | Космология |
| 9 (RLIN) | 159537 |
| 653 ## - Ключова дума – ненормативна | |
| Ключова дума | извънземни цивилизации |
| 653 ## - Ключова дума – ненормативна | |
| Ключова дума | космология |
| 700 1# - Други автори (авторска отговорност) | |
| Лично име | Попова, Русалина |
| Автороска отговорност (Описва отношението между автора и произведението) | прев. от рус. |
| 9 (RLIN) | 370299 |
| 852 ## - Местоположение | |
| Форматна сигнатура | Цб 82020 |
| 856 4# - Електронен адрес и достъп | |
| Електронен формат | pdf - файл |
| Инструкция (цена за достъп) | 0.00 |
| Права за достъп | disable |
| 856 4# - Електронен адрес и достъп | |
| Електронен формат | pdf - файл |
| Инструкция (цена за достъп) | 0.00 |
| Права за достъп | disable |
| 999 ## - СИСТЕМНИ КОНТРОЛНИ НОМЕРА | |
| Koha biblionumber | 131281 |
| Koha biblioitemnumber | 131281 |
| 942 ## - АРТИКУЛИ | |
| Вид на библиотечния материал | Книги |
| Скрит в OPAC | Не |
| Периодичен библиозапис | Да |
| 944 ## - СЪЗДАВАНЕ И РЕДАКЦИЯ на ЗАПИСА | |
| Създаване/Редакция | Създаване |
| Дата на регистрацията/редакция | 10.12.2012 |
| Статус, дата на статуса | 10.12.2012 - от С1,Р / 10.12.2012 |
| Служител, извършил регистрацията/редакцията | Радостина_Карадакова |
| 944 ## - СЪЗДАВАНЕ И РЕДАКЦИЯ на ЗАПИСА | |
| Създаване/Редакция | Редакция |
| Дата на регистрацията/редакция | 10.12.2012 |
| Статус, дата на статуса | 10.12.2012 - от С1,Р / 10.12.2012 |
| 999 ## - СИСТЕМНИ КОНТРОЛНИ НОМЕРА | |
| Koha biblioitemnumber | 131281 |
| Код за отписване | Код за изгубен артикул | Източник на класификационната схема | Код за повреда | Коз за рестрикции | Код за отдаване | Артикулен № | Име на библиотеката - собственик | Име на библиотеката, в която се намира в момента | Статус (Текущо местоположение) | Дата на вписване в системата | Местоположение - отдел | Цена в лева | Инвентарен номер | Систематично азбучна сигнатура | Баркод | Номер на екземпляра | Цена в евро | Служебна бележка | Служебен тип на артикула | Бележка за публиката |
|---|---|---|---|---|---|---|---|---|---|---|---|---|---|---|---|---|---|---|---|---|
| Не е изгубен | Universal Decimal Classification | Не е повреден | само за читалня | ползва се в читалня | 214044 | Регионална библиотека "Любен Каравелов" Русе | Регионална библиотека "Любен Каравелов" Русе | Хранилище | 1976-01-01 | Хранилище | 0.83 | 211367 | Цб 82020 | 120000211367 | 1 | 0.42 | Дата: 01.01.1976 | Книги | ||
| Изтеглен | Не е изгубен | Не е повреден | без рестрикции | заемане за дома | 214045 | Регионална библиотека "Любен Каравелов" Русе | Регионална библиотека "Любен Каравелов" Русе | 1976-01-01 | Детски отдел | 0.83 | 214094 | ДН 0/П 47 | 214094 | 2 | 0.42 | Дата: 01.01.1976 Дата инв: 01.10.2015 Бележки инв: Д2015 | Книги | Отч.N: 37/17 , Дата: 06.09.2017 | ||
| Изтеглен | Не е изгубен | Не е повреден | без рестрикции | заемане за дома | 214046 | Регионална библиотека "Любен Каравелов" Русе | Регионална библиотека "Любен Каравелов" Русе | Заемна - подръчен фонд | 1976-01-01 | Заемна - подръчен фонд | 0.83 | 634665 | П 001.9/П 47 | 634665 | 3 | 0.42 | Дата: 01.01.1976 Дата инв: 01.02.2018 Бележки инв: П2018 | Книги |